|
|
|
|
| LEADER |
01103pam a22003018a 4500 |
| 001 |
00038899 |
| 005 |
20171026081025.0 |
| 008 |
170517s2012 ||||||Viesd |
| 041 |
0 |
# |
|a Vie
|
| 082 |
1 |
4 |
|a 332.1
|b QU105TR
|
| 100 |
1 |
# |
|a Nguyễn, Đăng Dờn
|
| 245 |
1 |
0 |
|a Quản trị ngân hàng thương mại hiện đại
|c Nguyễn Đăng Dờn; Hoàng Hùng...[và các tác giả khác]
|
| 250 |
# |
# |
|a Tái bản lần 1
|
| 260 |
# |
# |
|a Tp.Hồ Chí Minh
|b Phương Đông
|c 2012
|
| 300 |
# |
# |
|a 310 tr.
|c 24 cm
|
| 653 |
# |
# |
|a Quản trị
|a Ngân hàng
|a Thương mại
|a Hiện đại
|
| 700 |
1 |
# |
|a Hoàng, Hùng
|
| 700 |
1 |
# |
|a Lê, Thị Hồng Phúc
|
| 700 |
1 |
# |
|a Nguyễn. Thị Hiền
|
| 700 |
1 |
# |
|a Nguyễn, Đăng Dờn
|
| 700 |
1 |
# |
|a Nguyễn, Văn Thầy
|
| 700 |
1 |
# |
|a Nguyễn, Quốc Anh
|
| 852 |
# |
# |
|j KD.0020685
|j KM.0021733
|
| 852 |
# |
# |
|b Kho đọc
|j KD.0020685
|
| 852 |
# |
# |
|b Kho mượn
|j KM.0021733
|
| 910 |
|
|
|d 17/05/2017
|
| 980 |
# |
# |
|a Trung tâm Học liệu Lê Vũ Hùng, Trường Đại học Đồng Tháp
|